La invención de lo humano : la construcción sociohistórica del individuo /
Spremljeno u:
| Glavni autor: | |
|---|---|
| Format: | Elektronički e-knjiga |
| Jezik: | španjolski |
| Izdano: |
Madrid :
Iberoamericana,
[1997]
|
| Serija: | Pensar lo humano ;
vol. 2. |
| Teme: | |
| Online pristup: | Digitalia Hispánica |
| Oznake: |
Dodaj oznaku
Bez oznaka, Budi prvi tko označuje ovaj zapis!
|
MARC
| LEADER | 00000nam a2200000Ii 4500 | ||
|---|---|---|---|
| 001 | DIGIBE0990 | ||
| 003 | NyNyDIG | ||
| 006 | m o d | ||
| 007 | cr ||||||||||| | ||
| 008 | 220221s1997 sp ob 000 0 spa d | ||
| 035 | |a (OCoLC)1319855300 | ||
| 040 | |a DGITA |b eng |e rda |e pn |c DGITA | ||
| 020 | |a 9783964563279 |q eBook |q pdf | ||
| 020 | |z 9788488906908 |q Iberoamericana | ||
| 050 | 1 | 4 | |a B105.H8 ebook |
| 082 | 0 | 4 | |a 144 |
| 100 | 1 | |a Marín Pedreño, Higinio, |d 1965- |e author. | |
| 245 | 1 | 3 | |a La invención de lo humano : |b la construcción sociohistórica del individuo / |c Higinio Marín. |
| 246 | 3 | 0 | |a Construcción sociohistórica del individuo |
| 264 | 1 | |a Madrid : |b Iberoamericana, |c [1997] | |
| 300 | |a 1 online resource. | ||
| 336 | |a text |b txt |2 rdacontent | ||
| 337 | |a computer |b c |2 rdamedia | ||
| 338 | |a online resource |b cr |2 rdacarrier | ||
| 347 | |a text file |2 rdaft | ||
| 347 | |b PDF | ||
| 490 | 1 | |a Pensar lo humano ; |v vol. 2 | |
| 504 | |a Includes bibliographical references. | ||
| 588 | 0 | |a Online resource; title from PDF title page (Digitalia, viewed February 21, 2022) | |
| 650 | 0 | |a Humanism |x History. | |
| 655 | 0 | |a Electronic books. | |
| 791 | 2 | |a Digitalia (Firm), |e distributor. | |
| 793 | 0 | |g Digitalia eBook Collection: |a Iberoamericana/Vervuert | |
| 776 | 0 | 8 | |i Print version: |a Marín Pedreño, Higinio, 1965- |t Invención de lo humano. |d Madrid : Iberoamericana, [1997] |z 9788488906908 |
| 830 | 0 | |a Pensar lo humano ; |v vol. 2. | |
| 856 | 4 | 0 | |3 Digitalia Hispánica |u https://digitalia.unach.elogim.com/a/101940/ |
| 910 | |a Premium collection: 2022 | ||